Das Jahr 1832 - Statistiken

Allgemein
  • Dieses Quiz wurde 144 mal gespielt
  • Das Durchschnittsergebnis liegt bei 12 aus 20
Antwortstatistiken
Datum Ereignis % Korrekt
5. Juli Im Deutschen Bund wird die Verwendung der Farben Schwarz-Rot-G{old} verboten
94%
22. Juli Der kurzzeitig als N{apoleon} II. amtierende Kaiser der Franzosen stirbt mit 21 Jahren in Wien
91%
12. Februar Die bisher zu Spanien gehörenden G{alapagos}-Inseln werden von Ecuador annektiert
90%
10. Juni Im Taunus wird der Erfinder Nicolaus O{tto} (Verbrennungsmotor) geboren
90%
15. Dezember Der für den nach ihm benannten Turm bekannte französische Ingenieur Gustave E{iffel} kommt zur Welt
89%
15. April Der Dichter und Zeichner Wilhelm B{usch} ("Max und Moritz") wird geboren
83%
26. September In S{chweden} wird der das gesamte Land durchquerende Göta-Kanal eröffnet
78%
9. August König Leopold I. von B{elgien} heiratet die französische Prinzessin Louise d’Orléans
76%
22. März Im Alter von 82 Jahren stirbt Johann Wolfgang von Goethe, angeblich mit den letzten Worten "Mehr L{icht}!"
74%
5. Dezember Bei der US-Präsidentschaftswahl wird Amtsinhaber Andrew J{ackson} mit großer Mehrheit wiedergewählt
67%
27. Mai Etwa 30.000 Demokraten und Liberale treffen sich in einem Schloss in der Pfalz zum sogenannten H{ambacher} Fest
63%
17. März Der bayerische Prinz Otto wird zum ersten König von G{riechenland} gewählt
58%
23. Januar In Paris wird der Maler Édouard M{anet} ("Das Frühstück im Grünen") geboren
58%
22. September Auf seiner Reise mit der HMS B{eagle} entdeckt Charles Darwin in Brasilien seine ersten Fossilien
44%
21. September Der schottische Schriftsteller Walter S{cott} ("Ivanhoe") stirbt
43%
31. Juli Im Deutschen Bund wird die Amtsbezeichnung "Schultheiß" offiziell durch den Begriff "B{ürgermeister}" ersetzt
37%
1. Oktober Mit einem Band über den Rhein wird der erste B{aedeker}-Reiseführer veröffentlicht
29%
12. Mai Die Oper "Der Liebestrank" des italienischen Komponisten Gaetano D{onizetti} wird uraufgeführt
23%
1. August Auf der Strecke Budweis-Linz wird die mit über 128 km längste P{ferde}eisenbahn der Welt eröffnet
22%
26. März In der Schweiz wird der Uhrenhersteller L{ongines} gegründet
11%
Keine übereinstimmenden Quizze gefunden
Verteilung der Resultate
Anzahl Personen mit jedem Resultat
Perzentil nach korrekt beantworteten Fragen
Ihre Resultats-Entwicklung
Sie haben dieses Quiz noch nicht gespielt